| 000 | 01478pam a2200181 a 4500 | ||
|---|---|---|---|
| 999 |
_c5550 _d5550 |
||
| 020 | _a0070539723 (alk. paper) | ||
| 050 | 0 | 0 |
_aJF1351 _b.R56 |
| 100 | 1 | _aRosenbloom, David H. | |
| 245 | 1 | 0 |
_aPublic administration : _bunderstanding management, politics, and law in the public sector / _cDavid H. Rosenbloom with the assistance of Deborah D. Goldman. |
| 250 | _a4th ed. | ||
| 260 |
_aNew York : _bMcGraw-Hill Companies, _c1998. |
||
| 300 |
_axx, 596 p. : _bill., maps ; _c24 cm. |
||
| 500 | _aIncludes index | ||
| 505 | _aPart 1 Introduction - definitions, concepts, and setting: the practice and discipline of public adminstration - competing concerns; the American administrative state - development and political environment; federalism and intergovernmental relations - the structure of the American administrative state. Part 3 Core functions: organization - structure and process; public personnel administration and collective bargaining; budgeting; decision making; policy analysis and implementation evaluation. Part 3 The convergence of management, politics, and the law in the public sector - an illustration: regulatory adminstration - an illustration of management, politics, and law in the public sector. Part 4 Public adminstration and the public: public adminstration and the public; public adminstration and democratic constitutionalism; accountability and ethics; the future. | ||
| 650 | 0 | _aPublic administration. | |
| 700 | 1 | _aGoldman, Deborah D. | |
| 942 | _cBK | ||